000 00484pab a2200157 454500
008 180718b1998 xxu||||| |||| 00| 0 eng d
100 _aWettenhall, Roger
245 _aThe external relations of a small quasi state within a federal system: the case of the Australian capital territory
260 _c1998
300 _ap.123-39
362 _aMay
650 _aSmall states
650 _aPolitics and government
773 _aPublic Administration and Development
909 _a37721
999 _c37721
_d37721